000 00483nam a22002057a 4500
003 OSt
008 250402b |||||||| |||| 00| 0 eng d
020 _a9788131529164
082 _a543 PAI
100 _aPAVIA,Donald L
245 _aIntroduction to Spectroscopy
250 _a5th Ed
260 _aNew Delhi
_bCengage
_c2024
300 _a732
650 _aSpectroscopy
700 _aLAMPMAN,Gary M
700 _aKRIZ,George S
700 _aVYVYAN,James R
942 _2ddc
_cBK
999 _c13206
_d13206